00278nam a2200097Ia 4500082001700000245007000017100002600087942000700113008004100120999001900161 a614.532 PERR 0aLifeblood : how to change the world, one dead mosquito at a time  a Perry, Alex 989438 cBK210825s9999 xx 000 0 und d c527479d527478